Elementos Encadenados /

Guardado en:
Detalles Bibliográficos
Autor principal: Gómez Lara, Jacobo (autor)
Formato: Libro
Idioma:Español
Publicado: Washington, EUA : Eva V. Chesneau, 1968
Temas:
Etiquetas: Agrega una etiqueta
Sin etiquetas, Sé el primero en etiquetar este registro!

MARC

LEADER 00000nam^a2200000^a^4500
001 000014044
005 20250521000000.0
009 20260310083927.495
037 |a Acervo ITESO - Biblioteca 
041 |a ESP 
082 |a 547.  |b GOM 
100 |a Gómez Lara, Jacobo  |e (autor) 
245 1 0 |a Elementos Encadenados /  |c J. Gómez Lara. 
264 1 |a Washington, EUA :  |b Eva V. Chesneau,  |c 1968 
300 |a 107 p. 
336 |a texto  |b txt  |2 rdacontenido 
337 |a sin mediación  |b n  |2 rdamedio 
338 |a volumen  |b nc  |2 rdasoporte 
649 |a XX 
650 |a Química Orgánica 
910 |a Fondo General 
920 |a Impresos - Libros 
930 |a Colección General 
905 |a 101 
901 |a 0140440100  |b IT1  |c ACC  |i 014044  |u 20250521 
901 |a 0140440200  |b IT1  |c ACC  |i 902672  |u 20250521 
902 |a https://opac.biblio.iteso.mx/vufind/Record/000014044